|
|
|
|
| LEADER |
01152cam a2200265 a 4500 |
| 001 |
3999028 |
| 003 |
GR-PaULI |
| 005 |
20210117210949.0 |
| 008 |
960705s1997 nyua b 001 0 eng |
| 952 |
|
|
|0 0
|1 0
|2 ddc
|4 0
|6 Π_Σ_512_020000000000000_SET
|7 0
|8 NFIC
|9 235125
|a LISP
|b LISP
|c REF
|d 2019-09-16
|i 092334
|l 0
|o Π/Σ 512.02 SET
|p 025000039259
|r 2019-09-16 00:00:00
|t 1
|v 2019.00
|w 2019-09-16
|y BK15
|
| 999 |
|
|
|c 142505
|d 142505
|
| 010 |
|
|
|a 96032220
|
| 020 |
|
|
|a 0387948481
|
| 040 |
|
|
|a DLC
|c GR-PaULI
|d
|b gre
|e AACR2
|
| 082 |
0 |
4 |
|a 512.02
|2 23
|
| 100 |
1 |
|
|a Sethuraman, B. A.
|9 177858
|e συγγραφέας.
|
| 245 |
1 |
0 |
|a Rings, fields, and vector spaces :
|b an introduction to abstract algebra via geometric constructability /
|c B.A. Sethuraman.
|
| 260 |
|
|
|a New York :
|b Springer,
|c c1997.
|
| 300 |
|
|
|a xii, 190 σ. :
|b εικ. ;
|c 25 εκ.
|
| 490 |
1 |
|
|a Undergraduate texts in mathematics
|
| 504 |
|
|
|a Περιλαμβάνει βιβλιογραφικές παραπομπές και ευρετήριο.
|
| 650 |
|
4 |
|a Άλγεβρα
|9 105
|
| 830 |
|
0 |
|9 166152
|a Undergraduate texts in mathematics (Springer)
|
| 942 |
|
|
|2 ddc
|c BKN
|
| 998 |
|
|
|c ΜΠΟΥΡΑΣ
|d 2019-09
|